Score 0/20 Timer 03:00
0 Plays Today
Clue Answer % Correct
Josh BrolinCountry
94.3%
Ryan GoslingIdes
86.4%
Emma StoneAmazing
82.2%
Josh BrolinAmerican
73.6%
Emma StoneStupid
73.1%
Josh BrolinGrit
69.6%
Emma StoneGhosts
66.8%
Sean PennSam
66.6%
Sean PennMystic
65.9%
Emma StoneEasy
63%
Clue Answer % Correct
Josh BrolinDisaster
52%
Emma StoneHouse
51.9%
Sean PennRange
47.3%
Ryan GoslingMurder
45.6%
Ryan GoslingLars
43.5%
Josh BrolinJonah
41.1%
Ryan GoslingValentine
27.1%
Sean PennState
21.9%
Ryan GoslingNelson
20.1%
Sean PennAssassination
13.8%

Today's Daily Dose

Missing Word
I Hardly Know Her!

Word Ladder
Sentence Ending

Quick Pick
Female Firsts

Get the Picture
Triathlon Sports

Remove Ads.
Support Sporcle.
Get the best of Sporcle when you Go Orange. This ad-free experience offers more features, more stats, and more fun while also helping to support Sporcle. Thank you for becoming a member.

You're not logged in!

Compare scores with friends on all Sporcle quizzes.
OR
Log In

Show Comments

Extras

Top Quizzes Today


Score Distribution

Your Account Isn't Verified!

In order to create a playlist on Sporcle, you need to verify the email address you used during registration. Go to your Sporcle Settings to finish the process.

Report this User

Report this user for behavior that violates our Community Guidelines.

Details: